000 00850nam a2200229Ia 4500
005 20250108124904.0
008 008 250107s9999 xx 000 0 hin d
020 _a978-1-7322650-2-8
037 _aTB
040 _aCRL
_bhin
_cCRL
041 _ahin
_2hin
084 _aΔ2wM P6
084 _qCRL
100 _aनेगी, स्नेह लता, ले.
245 0 _aमैत्रेय पुष्पा की रचनाओं का लोकपक्ष
_cनेगी, स्नेह लता, ले.
260 _aनई दिल्ली, भारत
_bस्वराज प्रकाशन
_c2562
300 _a168पृ0
365 _aINR
_b225
650 _aहिन्दी कहानीहिन्दी साहित्य
_9729733
942 _cTB
_hΔ2wM P6
999 _c1234950
_d1234950